| 000 | 00478nam a2200157Ia 4500 | ||
|---|---|---|---|
| 008 | 230917s9999||||xx |||||||||||||| ||und|| | ||
| 040 |
_e81445 _aMAIN |
||
| 041 | _aEnglish | ||
| 082 | _a346.042 P289D | ||
| 100 | _aPawate, I S | ||
| 245 | 0 | _aDaya-Vibhaga: or the individualization of communal property and the commounlization of individual in the mitakshara law | |
| 250 | _a2nd ed. | ||
| 260 |
_aDhawar _bKarnataka University _c1975 |
||
| 300 | _axiv, 458 p. | ||
| 942 | _cBK | ||
| 999 |
_c184114 _d184114 |
||